Quantifying Lexical Shifts in Political Speech: A Corpus-Based and AI-Driven Analysis of Power and Influence

Táto štúdia skúma lexikálne posuny v nemeckom politickom diskurze so zameraním na pojmy súvisiace s mocou a vplyvom. Analýzou korpusu prezidentských prejavov Bundestagu boli identifikované významné zmeny vo frekvencii a význame kľúčových pojmov. Zistenia naznačujú, že historické udalosti, politický...

ver descrição completa

Na minha lista:
Detalhes bibliográficos
Autor principal: Kalaš, Filip, 1993-
Formato: Capítulo de Livro
Idioma:inglês
Assuntos:
Tags: Adicionar Tag
Sem tags, seja o primeiro a adicionar uma tag!

MARC

LEADER 00000naa$a2200000$$$4500
001 0305351
005 20241127144928.4
041 0 |a eng 
044 |a SK 
245 1 0 |a Quantifying Lexical Shifts in Political Speech: A Corpus-Based and AI-Driven Analysis of Power and Influence  |c Filip Kalaš 
520 |a Táto štúdia skúma lexikálne posuny v nemeckom politickom diskurze so zameraním na pojmy súvisiace s mocou a vplyvom. Analýzou korpusu prezidentských prejavov Bundestagu boli identifikované významné zmeny vo frekvencii a význame kľúčových pojmov. Zistenia naznačujú, že historické udalosti, politický vývoj a kultúrne zmeny ovplyvňujú tieto posuny. 
610 2 0 |a rétorika 
610 2 0 |a vzťahy medzinárodné 
610 2 0 |a diskusia 
610 2 0 |a médiá 
610 2 0 |a národ 
610 2 0 |a politika 
610 2 0 |a prejavy 
100 1 |a Kalaš, Filip, 1993-